| 000 | 00677nam a22002417a 4500 | ||
|---|---|---|---|
| 003 | OSt | ||
| 005 | 20210322162837.0 | ||
| 008 | 210322b ||||| |||| 00| 0 eng d | ||
| 020 | _a9780141022925 | ||
| 040 |
_aDLC _cDLC _dDLC |
||
| 050 |
_aTL 250 _b.C53 2006 |
||
| 100 |
_951469 _aClarkson, Jeremy. |
||
| 245 |
_aI know you got soul : _bmachines with that certain something |
||
| 260 |
_aLondon : _bPenguin books, _c2006. |
||
| 300 | _axi, 244 p.; | ||
| 504 | _aIncludes index. | ||
| 650 |
_aVehicles. _951470 |
||
| 650 |
_aTransportation. _951471 |
||
| 650 |
_aAirplanes. _951472 |
||
| 650 |
_aShips. _951473 |
||
| 650 |
_aRailroads _xTrains. _951474 |
||
| 942 |
_2lcc _cBK |
||
| 999 |
_c66525 _d66499 |
||